Most Populous First-Level Administrative Division By Country - Statistics

General Stats
  • This quiz has been taken 357 times
  • The average score is 76 of 197
Answers on the Map
Answers color-coded by a green-red scale on the quiz's map according to % correct below.
 
Answer Stats
Population Subdivision Country % Correct
39,512,000 California United States
93%
14,711,000 Ontario Canada
88%
15,175,000 México Mexico
87%
10,382,000 Moscow Russia
87%
17,196,000 Buenos Aires Argentina
84%
45,919,000 São Paulo Brazil
81%
13,513,000 Tokyo Japan
81%
8,089,000 New South Wales Australia
77%
9,788,000 Cairo Egypt
76%
553,000 Dublin City Council Ireland
76%
56,286,000 England United Kingdom
76%
7,112,000 Santiago Chile
76%
2,250,000 Lisbon Portugal
75%
2,988,000 Algiers Algeria
74%
15,519,000 Istanbul Turkey
74%
4,029,000 Ouest Haiti
74%
7,412,000 Bogotá Colombia
71%
12,213,000 Île-de-France France
71%
4,372,000 Kabul Afghanistan
71%
13,267,000 Tehran Iran
71%
1,911,000 Vienna Austria
71%
2,377,000 Stockholm Sweden
69%
199,812,000 Uttar Pradesh India
69%
3,015,000 Guatemala Guatemala
67%
2,018,000 Minsk Belarus
67%
36,433,000 Dhaka Bangladesh
66%
2,154,000 La Habana Cuba
66%
1,249,000 Panamá Panama
66%
1,065,000 Tripoli Libya
66%
1,056,000 Tunis Tunisia
66%
906,000 Tiranë Albania
65%
1,520,000 Zürich Switzerland
65%
7,055,000 Baghdad Iraq
64%
5,666,000 Bangkok Thailand
64%
11,575,000 Kinshasa Democratic Republic of the Congo
64%
1,319,000 Montevideo Uruguay
64%
1,292,000 Sofia City Bulgaria
64%
131,000 Reykjavíkurborg Iceland
63%
1,883,000 Bucharest Romania
62%
4,177,000 Dubai United Arab Emirates
62%
6,945,000 Luanda Angola
62%
8,414,000 Andalusia Spain
61%
1,733,000 Budapest Hungary
61%
6,589,000 Flemish Region Belgium
61%
1,362,000 Central Paraguay
60%
3,919,000 Central Cameroon Cameroon
60%
576,000 Central District Botswana
60%
2,115,000 Central District Israel
60%
378,000 Central Division Fiji
60%
111,000 Central Region Malta
60%
922,000 Central Region Singapore
60%
8,993,000 Hồ Chí Minh City Vietnam
60%
658,000 Riga Latvia
60%
1,404,000 San José Costa Rica
60%
1,240,000 Ulaanbaatar Mongolia
60%
104,303,000 Guangdong China
59%
7,687,000 Khartoum Sudan
59%
10,060,000 Lombardy Italy
59%
805,000 Vilnius County Lithuania
59%
1,073,000 Yerevan Armenia
59%
790,000 Zagreb Croatia
59%
1,740,000 San Salvador El Salvador
58%
2,473,000 Amman Jordan
57%
3,263,000 Santo Domingo Dominican Republic
57%
1,158,000 Tbilisi Georgia
57%
1,642,000 Auckland New Zealand
56%
110,000 Belize Belize
55%
1,484,000 Managua Nicaragua
55%
3,138,000 Nairobi County Kenya
55%
2,129,000 Phnom Penh Cambodia
55%
6,861,000 Casablanca-Settat Morocco
53%
4,364,000 Dar es-Salaam Tanzania
53%
1,475,000 Muscat Oman
53%
477,000 Pristina Kosovo
53%
3,137,000 Dakar Senegal
52%
282,000 Ljubljana Slovenia
52%
951,000 N'Djamena Chad
52%
21,000 Saint George Dominica
52%
38,000 Saint George Grenada
52%
51,000 Saint George Saint Vincent and the Grenadines
52%
6000 Schaan Liechtenstein
52%
110,012,000 Punjab Pakistan
51%
1,373,000 Brazzaville Republic of the Congo
50%
17,424,000 Netherlands Netherlands
50%
185,000 Podgorica Montenegro
49%
622,000 Bangui Central African Republic
48%
7,360,000 Yangon Region Myanmar
48%
2,219,000 Federation of Bosnia and Herzegovina Bosnia and Herzegovina
47%
182,000 Luxembourg Luxembourg
47%
4,707,000 Abidjan Ivory Coast
45%
22,000 Andorra la Vella Andorra
45%
329,000 Capital Governorate Bahrain
45%
2,123,000 Harare Zimbabwe
45%
17,912,000 North Rhine-Westphalia Germany
45%
3,186,000 Lusaka Zambia
44%
240,000 Paramaribo Suriname
44%
4,600,000 Aleppo Governorate Syria
43%
387,000 Bissau Guinea-Bissau
43%
334,000 Nicosia Cyprus
43%
46,668,000 West Java Indonesia
43%
748,000 Djibouti Region Djibouti
42%
3,370,000 Santa Cruz Bolivia
42%
138,000 Thimphu Bhutan
42%
6,915,000 Makkah Saudi Arabia
40%
4,448,000 Donetsk Oblast Ukraine
39%
3,812,000 Attica Greece
37%
2,502,000 Northern Province Sierra Leone
37%
2,595,000 Eastern Province Rwanda
36%
12,272,000 Gauteng South Africa
36%
51,000 Saint John Antigua and Barbuda
36%
699,000 West Coast Region Gambia
36%
5,851,000 Western Province Sri Lanka
36%
519,000 Maseru Lesotho
35%
33,692,000 Oromia Ethiopia
35%
1,476,000 Southern Region Eritrea
35%
7,750,000 Southern Region Malawi
35%
252,000 Dili East Timor
34%
151,000 Praia Cape Verde
34%
9,401,000 Kano Nigeria
33%
956,000 Ad Dawhah Qatar
31%
<1000 Vatican City Vatican City
30%
725,000 Gitega Burundi
25%
3,955,000 New Taipei City Taiwan
24%
1,689,000 Uusimaa Finland
24%
80,000 Castries Saint Lucia
23%
2,345,000 West Bank Palestine
21%
2,136,000 Centre Burkina Faso
20%
12,239,000 Gyeonggi South Korea
20%
1,000,000 Osh Region Kyrgyzstan
19%
50,000 South Tarawa Kiribati
19%
1,846,000 Capital Region of Denmark Denmark
18%
6000 Funafuti Tuvalu
18%
274,000 New Providence Bahamas
18%
34,000 Saint Kitts Saint Kitts and Nevis
18%
598,000 Harju County Estonia
17%
27,000 Majuro Atoll Marshall Islands
17%
3,651,000 Samarqand Uzbekistan
17%
5,403,000 Masovian Poland
15%
1,241,000 Viken Norway
15%
399,000 Grande Comore Comoros
14%
1,287,000 Mary Region Turkmenistan
14%
10,000 Serravalle San Marino
14%
4,387,000 Guayas Ecuador
13%
1,219,000 Mauritius Mauritius
13%
825,000 Prešov Slovakia
13%
3,704,000 Zulia Venezuela
13%
48,000 Chuuk Micronesia
12%
573,000 Saint Andrew Jamaica
12%
6,541,000 Selangor Malaysia
12%
1,274,000 Central Bohemian Czech Republic
11%
1,831,000 Mount Lebanon Lebanon
11%
4,051,000 South Pyongan North Korea
11%
4,780,000 Ashanti Region Ghana
10%
2,613,000 Absheron Azerbaijan
9%
1,396,000 Atlantique Benin
9%
367,000 Litoral Equatorial Guinea
9%
355,000 Manzini Eswatini
9%
6,102,000 Nampula Mozambique
9%
88,000 Saint Michael Barbados
9%
5,529,000 Bagmati Pradesh Nepal
8%
1,638,000 Calabarzon Philippines
8%
895,000 Estuaire Gabon
8%
969,000 Savannakhét Laos
8%
3,539,000 Zinder Niger
8%
1,650,000 Banaadir Somalia
7%
1,562,000 Cortés Honduras
7%
1,169,000 Farwaniya Governorate Kuwait
7%
342,000 Khomas Namibia
7%
105,000 Kumanovo North Macedonia
7%
2,599,000 Maritime Togo
7%
1,144,000 Montserrado Liberia
7%
1,630,000 Piura Peru
7%
2,643,000 Sikasso Mali
7%
4,554,000 Taiz Yemen
7%
2,469,000 Turkistan Region Kazakhstan
7%
292,000 Brunei-Muara Brunei
6%
1,986,000 Kankan Guinea
6%
313,000 Demerara-Mahaica Guyana
5%
3,274,000 Khatlon Region Tajikistan
5%
137,000 Malaita Province Solomon Islands
5%
674,000 Morobe Papua New Guinea
5%
615,000 South Bačka District Serbia
5%
74,000 Tongatapu Tonga
5%
77,000 Água Grande São Tomé and Príncipe
4%
3,618,000 Analamanga Madagascar
4%
430,000 Hodh Ech Chargui Mauritania
4%
1,228,000 Jonglei South Sudan
4%
97,000 Shefa Vanuatu
4%
1,997,000 Wakiso District Uganda
4%
1,000 Denigomodu Nauru
3%
5000 Larvotto Monaco
3%
125,000 Orhei Moldova
3%
215,000 Tunapuna-Piarco Trinidad and Tobago
3%
78,000 Mahe Islands Seychelles
2%
95,000 Tuamasaga Samoa
2%
14,000 Maalhosmadulu Uthuruburi Maldives
1%
11,000 Ngerbeched Palau
0%
No matching quizzes found
Score Distribution
Percent of People with Each Score
Percentile by Number Answered
Your Score History
You have not taken this quiz